000 00401pab a2200169 454500
008 180718b2009 xxu||||| |||| 00| 0 eng d
100 _aSingh, Shashi Ratnaker
245 _aPeople and public sphere in India
260 _c2009
300 _ap.270-80.
362 _aJun
650 _aPublic sphere - India
650 _aPublic sphere
773 _aSocial Change
908 _aN
909 _a83027
999 _c83027
_d83027